Physics / (Record no. 3641)

MARC details
000 -LEADER
fixed length control field 01069cam a2200289 a 4500
001 - CONTROL NUMBER
control field 1071596
003 - CONTROL NUMBER IDENTIFIER
control field OSt
005 - DATE AND TIME OF LATEST TRANSACTION
control field 20160426155204.0
008 - FIXED-LENGTH DATA ELEMENTS--GENERAL INFORMATION
fixed length control field 911002s1992 nyua 001 0 eng
010 ## - LIBRARY OF CONGRESS CONTROL NUMBER
LC control number 91035885
040 ## - CATALOGING SOURCE
Original cataloging agency DLC
Transcribing agency DLC
Modifying agency DLC
050 00 - LIBRARY OF CONGRESS CALL NUMBER
Classification number QC21.2
Item number .R47 1992
082 00 - DEWEY DECIMAL CLASSIFICATION NUMBER
Classification number 530
Edition number 20
Item number HAL 1962
100 1# - MAIN ENTRY--PERSONAL NAME
Personal name Halliday, David,
9 (RLIN) 8105
245 10 - TITLE STATEMENT
Title Physics /
Statement of responsibility, etc. Robert Resnick, David Halliday.
260 ## - PUBLICATION, DISTRIBUTION, ETC. (IMPRINT)
Place of publication, distribution, etc. New York :
Name of publisher, distributor, etc. Wiley,
Date of publication, distribution, etc. 1962.
300 ## - PHYSICAL DESCRIPTION
Extent 2 v. (1020, [34] p.) :
Other physical details ill. ;
Dimensions 29 cm.
500 ## - GENERAL NOTE
General note Vol. 2 by David Halliday, Robert Resnick, Kenneth S. Krane.
500 ## - GENERAL NOTE
General note Includes indexes.
650 #0 - SUBJECT ADDED ENTRY--TOPICAL TERM
Topical term or geographic name as entry element Physics.
9 (RLIN) 809
700 1# - ADDED ENTRY--PERSONAL NAME
Personal name Resnick, Robert,
9 (RLIN) 8106
856 4# - ELECTRONIC LOCATION AND ACCESS
Materials specified Table of Contents only
Uniform Resource Identifier http://www.loc.gov/catdir/toc/onix05/91035885.html
856 42 - ELECTRONIC LOCATION AND ACCESS
Materials specified Publisher description
Uniform Resource Identifier http://www.loc.gov/catdir/enhancements/fy0607/91035885-d.html
906 ## - LOCAL DATA ELEMENT F, LDF (RLIN)
a 7
b cbc
c orignew
d 1
e ocip
f 19
g y-gencatlg
942 ## - ADDED ENTRY ELEMENTS (KOHA)
Source of classification or shelving scheme Dewey Decimal Classification
Koha item type Short Loan
Holdings
Withdrawn status Lost status Source of classification or shelving scheme Damaged status Not for loan Home library Current library Date acquired Inventory number Total Checkouts Full call number Barcode Date last seen Price effective from Koha item type
    Dewey Decimal Classification     MUST Main Library MUST Main Library 19/04/2016 1999/13141   530 HAL 1962 2016-1056 19/04/2016 19/04/2016 Short Loan
    Dewey Decimal Classification     MUST Main Library MUST Main Library 02/05/2016 1999/13151   530 HAL 1962 2016-1527 02/05/2016 02/05/2016 Short Loan